| 000 | 00516nam a22001937a 4500 | ||
|---|---|---|---|
| 003 | OSt | ||
| 005 | 20170509142650.0 | ||
| 008 | 170509b xxu||||| |||| 00| 0 eng d | ||
| 020 | _a0521655927 | ||
| 040 | _cDDC. | ||
| 082 | _a530.PEC 2000. | ||
| 100 |
_aPecseli,L.Hans; _912130 |
||
| 245 | _aFluctuations in Physicsl systems. | ||
| 260 | _aCambridge;Cambridge University Press,2000. | ||
| 300 | _ax,190p;ill:27cm. | ||
| 504 | _aincludes references and index. | ||
| 650 |
_aPhysics. _9809 |
||
| 942 |
_2ddc _cO_SHELF |
||
| 999 |
_c5842 _d5842 |
||